000 00695nam a22002537a 4500
003 UA-OsUOA
001 103053
007 ta
008 20131014b un ||||| |||| 00| 0 ukr d
100 _aРезникович М. Ю.
090 _a792.07
_bР34
942 _cBK
040 _aUA-OsUOA
_brus
_cUA-OsUOA
_dUA-OsUOA
245 _aТеатр времен. Жизнь театра
300 _a368 с.
955 _a2
041 _arus
080 _a792.07
020 _a966-542-098-4
260 _aК.
_bАльтерпрес
_c2001
246 3 1 _aкн. 2
_n
650 7 _a792 Театр. Сценічне мистецтво. Драматичні вистави
_2UDC
999 _c389281
_d389281